000 00444nam a2200181Ia 4500
005 20250423095107.0
008 250422s9999 xx 000 0 und d
020 _a0-87474-938-7
050 _aQK 98.183 .P74V36/
100 _aCharles Van Ravenswaay
245 0 _aDrawn From Nature
260 _aWashington
260 _bSmithsonian Institution Press
260 _c1984
300 _a357 p
650 _aDrawn From Nature
942 _cBK
999 _c29219
_d29219